Detalles MARC
| 000 -LIDER |
| fixed length control field |
01674nam a22003617a 4500 |
| 001 - NÚMERO DE CONTROL |
| Identificador de número de control |
000763 |
| 003 - IDENTIFICACDOR DE NÚMERO DE CONTROL |
| control field |
DO-SdBNP |
| 005 - DATE AND TIME OF LATEST TRANSACTION |
| control field |
20180214111331.0 |
| 007 - CAMPOS FIJOS DE DESCRIPCIÓN FÍSICA |
| fixed length control field |
000763 |
| 008 - ELEMENTOS DE LONGITUD FIJA |
| fixed length control field |
161116b 2010 uy a ||||| |||| 00| 0 spa d |
| 020 ## - ISBN |
| International Standard Book Number |
9789974686731 |
| 040 ## - FUENTE DE CATALOGACIÓN |
| Agencia que crea de manera original el registro |
BPMSU |
| Idioma de catalogación |
spa |
| Agencia que realiza la transcripción |
BPMSU |
| 082 #4 - NÚMERO DE CLASIFICACIÓN DECIMAL DE DEWEY |
| Classification number |
500 |
| Item number |
P658d |
| 100 1# - ASIENTO PRINCIPAL -- NOMBRE PERSONAL |
| Nombre personal |
Pinski, Anabella Victoria |
| 245 10 - MENCIÓN DE TITULO |
| Título |
A descubrir y conocer la magia de las ciencias : |
| Subtítulo |
iniciación al conocimiento científico y tecnológico / |
| Mención de responsabilidad |
Anabella Victoria Pinski ; ilustraciones especiales Diego Andrés Klacik. |
| 260 0# - PUBLICACIÓN, DISTRIBUCIÓN, ETC. (PIE DE IMPRENTA) |
| Lugar de publicación, distribución, etc |
Montevideo : |
| Nombre del editor, distribuidor, etc. |
Arquetipo Grupo Editorial, |
| -- |
Lexus, |
| Fecha de publicación, distribución, etc |
2010. |
| 300 ## - DESCRIPCIÓN FÍSICA |
| Extensión |
263 p. : |
| Otros detalles físicos |
il. ; |
| Dimensiones |
27 cm. + |
| Material complementario |
CD-ROM |
| 505 0# - NOTA DE CONTENIDO |
| Título |
La luz. Una amiga luminosa -- |
| -- |
El aire. Un amigo andarín -- |
| -- |
El agua. Nuestra amiga viajera -- |
| -- |
El sonido. Ruidos y ruiditos -- |
| -- |
Alimentación. ¡Hora de comer! -- |
| -- |
El suelo. Un tesoro natural -- |
| -- |
Ocupaciones y profesiones. ¿ Quién sabe hacer? -- |
| -- |
Los materiales. ¿Suave, áspero, duro? -- |
| -- |
Las herramientas. Ayudantes útiles -- |
| -- |
Las técnicas. Secretos para hacer -- |
| -- |
Fuerza y equilibrio. ¡Mira que fuerza! -- |
| -- |
La electricidad. Energía especial -- |
| -- |
El mundo vegetal. Secretos de las plantas -- |
| -- |
El mundo animal. Secretos de los animales. |
| 650 #4 - ENCABEZAMIENTO DE MATERIA--TEMÁTICO |
| Término temático o nombre geográfico como elemento de entrada |
CIENCIAS NATURALES |
| 650 #4 - ENCABEZAMIENTO DE MATERIA--TEMÁTICO |
| Término temático o nombre geográfico como elemento de entrada |
LUZ |
| 650 #4 - ENCABEZAMIENTO DE MATERIA--TEMÁTICO |
| Término temático o nombre geográfico como elemento de entrada |
AIRE |
| 650 #4 - ENCABEZAMIENTO DE MATERIA--TEMÁTICO |
| Término temático o nombre geográfico como elemento de entrada |
AGUA |
| 650 #4 - ENCABEZAMIENTO DE MATERIA--TEMÁTICO |
| Término temático o nombre geográfico como elemento de entrada |
PLANTAS |
| 650 #4 - ENCABEZAMIENTO DE MATERIA--TEMÁTICO |
| Término temático o nombre geográfico como elemento de entrada |
SUELOS |
| 650 #4 - ENCABEZAMIENTO DE MATERIA--TEMÁTICO |
| Término temático o nombre geográfico como elemento de entrada |
SONIDO |
| 650 #4 - ENCABEZAMIENTO DE MATERIA--TEMÁTICO |
| Término temático o nombre geográfico como elemento de entrada |
FUERZA Y ENERGÍA |
| 650 #4 - ENCABEZAMIENTO DE MATERIA--TEMÁTICO |
| Término temático o nombre geográfico como elemento de entrada |
ELECTRICIDAD |
| 700 12 - ASIENTO SECUNDARIO -- NOMBRE PERSONAL |
| Nombre personal |
Klacik, Diego Andrés, |
| Mención de responsabilidad |
il. |
| 910 ## - VALIDACIÓN |
| Validación |
Validado. Control de calidad MFF |
| 942 ## - ADDED ENTRY ELEMENTS (KOHA) |
| Source of classification or shelving scheme |
Dewey Decimal Classification |
| Koha item type |
Libros |
| 945 ## - INFORMACIÓN DE PROCESAMIENTO LOCAL |
| Información de procesamiento local |
Inventariado, 2018 / BT |
| 956 ## - LOCAL ELECTRONIC LOCATION AND ACCESS (OCLC) |
| Método de acceso |
LOPEREZ |
| Materiales especificados |
10 |
| Enlace |
20161129 |
| Campo enlazado y núm. de secuencia |
BPMSU |
| Nombre de host |
00041 |